| 000 | 00354nam a22001457a 4500 | ||
|---|---|---|---|
| 020 | _qHB. | ||
| 040 | _cFIZZA ISHAQ | ||
| 082 |
_a003.1 _bLEN |
||
| 100 |
_aLENNART,L JUNG. _991725 |
||
| 245 |
_aSYSTEM IDENTIFICATION THEORY FOR THE USER / _cLENNART L JUNG. |
||
| 250 | _a2nd ED. | ||
| 260 |
_aPEARSON ; _c1999. |
||
| 300 | _a609 P. ; | ||
| 942 |
_2ddc _cBK |
||
| 999 |
_c589877 _d589877 |
||